000 00685nam a2200241Ia 4500
003 OSt
005 20220918192558.0
006 a|||||r|||| 00| 0
007 ta
008 220917b |||||||| |||| 00| 0 eng d
024 _a69,145
037 _cTextual
040 _aARTS
_cARTS
_beng
041 _2eng
_aeng
082 _aR3,(Q6), N8
100 _aPickstock Catherine
_979507
245 0 _aAfter writing
_b on the liturgical consummation of philosophy
260 _aOxford
_bBlackwell
_c1998
300 _axv,292p.
_ccm.
490 _aChallenges in contemporary theology
942 _hR3,(Q6), N8
_cTEXL
_2CC
999 _c195308
_d195308